| 000 | 00554nam a2200181 i 4500 | ||
|---|---|---|---|
| 001 | 145985 | ||
| 003 | ES-MaACL | ||
| 005 | 20230906201357.0 | ||
| 007 | t| | ||
| 008 | 071018s1932 ne ||||1| eng d | ||
| 100 | 1 |
_aVerdoorn, Frans. _9114041 |
|
| 245 | 1 | 0 |
_aManual of bryology / _cedited by Fr. Verdoorn in collaboration with H. Buch, G. Chaland. |
| 260 |
_aThe Hague : _bMartinus Nijhoff, _c1932. |
||
| 300 |
_aVIII, 486 p. : _bil. ; _c25 cm. |
||
| 700 | 1 |
_aBuch, H. _932278 |
|
| 700 | 1 |
_aChaland, G. _937811 |
|
| 852 |
_aES-MaACL _jC-4319 _bR.24236 |
||
| 999 |
_c145985 _d145985 |
||